000
00273nam a22001217a 4500
008
180226b xxu||||| |||| 00| 0 eng d
041
_a
eng
080
_a
372.1
100
_a
25
101
_a
EDU
245
_a
EAVLUTING FACULTY PERFOMANCE
_c
PETER.S
942
_2
udc
_c
BK
999
_c
43505
_d
43505